Trouvez le Pays grâce au Joueur de Football -- Amérique du Nord - Statistiques

Statistiques générales
  • Ce quiz a été pris 88 fois
    72 depuis la dernière actualisation
  • Le résultat moyen est 7 sur 31
Statistiques - réponses
Joueurs Pays % Correct
Alphonso Davies Canada
100%
Hugo Sánchez Mexique
83%
Timothy Weah États-Unis
63%
Keylor Navas Costa-Rica
62%
Michail Antonio Jamaïque
41%
Alberth Elis Honduras
32%
Júnior Firpo République Dominicaine
27%
Michael Murillo Panama
24%
Frantzdy Pierrot Haïti
21%
Onel Hernández Cuba
17%
Tony Rocha Belize
16%
Gerardo Gordillo Guatemala
16%
Matias Belli Moldskred Nicaragua
16%
Shandon Baptiste Grenade
14%
Kurt Frederick Sainte-Lucie
14%
Mario González Salvador
14%
Julio Jameson Bahamas
13%
Romaine Sawyers Saint-Christophe-et-Niévès
13%
Cornelius Stewart Saint-Vincent-et-les-Grenadines
13%
Levi García Trinité-et-Tobago
13%
Glenson Prince Dominique
11%
Quinton Griffith Antigua-et-Barbuda
10%
Nahki Wells Bermudes
8%
Terell Ondaan Guyana
6%
Gio-Renys Felicia Curaçao
5%
Lionel Brown Îles Vierges Américaines
5%
Lyle Taylor Montserrat
5%
Anduelo Amoeferie Suriname
5%
Nathan Lo-A-Njoe Aruba
3%
Charley McMillan Îles Vierges Britanniques
3%
Billy Forbes Îles Turques-et-Caïques
2%
Aucun quiz correspondant
Distribution des résultats
% des personnes avec chaque résultat
Percentile par nombre de réponses
Votre historique - résultats
Vous n’avez pas pris ce quiz depuis la dernière actualisation